Statistics for Serie A Stadiums

Click here to take the quiz!

General Stats

  • This quiz has been taken 24 times
  • The average score is 10 of 20

Answer Stats

TeamCapacityStadium Name% Correct
AC Milan80,018San Siro
100%
Internazionale80,018Stadio Giuseppe Meazza
100%
Lazio70,634Stadio Olimpico
87%
Roma70,634Stadio Olimpico
87%
Napoli54,726Stadio Diego Armando Maradona
78%
Juventus41,507Allianz Stadium
65%
Fiorentina43,147Stadio Artemio Franchi
57%
Sassuolo21,584Mapei Stadium
48%
Torino27,958Stadio Olimpico Grande Torino
48%
Udinese25,144Stadio Friuli
43%
Genoa36,599Stadio Luigi Ferraris
43%
Hellas Verona39,211Marcantonio Bentegodi
39%
Lecce31,533Stadio Via del Mare
39%
Salernitana37,800Stadio Arechi
35%
Cagliari16,416Sardegna Arena
30%
Bologna38,279Stadio Renato Dall'Ara
30%
Atalanta24,950Stadio Atleti Azzurri d'Italia
22%
Frosinone16,227Stadio Benito Stirpe
22%
Empoli16,284Stadio Carlo Castellani
22%
Monza16,917Stadio Brianteo
13%

Score Distribution

Percentile by Number Answered

Percent of People with Each Score

Your Score History

You have not taken this quiz